A Special game theoretic analysis of conflict and identity / (Record no. 1577)
[ view plain ]
| 000 -LEADER | |
|---|---|
| fixed length control field | 00804nam a22002297a 4500 |
| 003 - CONTROL NUMBER IDENTIFIER | |
| control field | OSt |
| 005 - DATE AND TIME OF LATEST TRANSACTION | |
| control field | 20190103141319.0 |
| 008 - FIXED-LENGTH DATA ELEMENTS--GENERAL INFORMATION | |
| fixed length control field | 190103b ||||| |||| 00| 0 eng d |
| 040 ## - CATALOGING SOURCE | |
| Transcribing agency | IIMV |
| 082 ## - DEWEY DECIMAL CLASSIFICATION NUMBER | |
| Classification number | 519.3 |
| 100 1# - MAIN ENTRY--PERSONAL NAME | |
| Personal name | Ghatak, Anirban |
| Relator term | Author |
| 9 (RLIN) | 796 |
| 245 12 - TITLE STATEMENT | |
| Title | A Special game theoretic analysis of conflict and identity / |
| Statement of responsibility, etc. | by Anirban Ghatak, Diganta Mukherjee and K..S. Mallikarjuna Rao. |
| 260 ## - PUBLICATION, DISTRIBUTION, ETC. | |
| Place of publication, distribution, etc. | Delhi: |
| Name of publisher, distributor, etc. | Springer, |
| Date of publication, distribution, etc. | 2017. |
| 300 ## - PHYSICAL DESCRIPTION | |
| Extent | 494-519 pages: (Pamphlet) |
| Other physical details | illustrations; |
| Dimensions | 24cm. |
| 650 #0 - SUBJECT ADDED ENTRY--TOPICAL TERM | |
| Topical term or geographic name entry element | Evolutionary game |
| 9 (RLIN) | 799 |
| 650 #0 - SUBJECT ADDED ENTRY--TOPICAL TERM | |
| Topical term or geographic name entry element | Spatial game |
| 9 (RLIN) | 800 |
| 650 #0 - SUBJECT ADDED ENTRY--TOPICAL TERM | |
| Topical term or geographic name entry element | Identity conflict |
| 9 (RLIN) | 801 |
| 700 1# - ADDED ENTRY--PERSONAL NAME | |
| Personal name | Mukherjee, Diganta |
| Relator term | Author |
| 9 (RLIN) | 797 |
| 700 1# - ADDED ENTRY--PERSONAL NAME | |
| Personal name | Mallikarjuna Rao, K.S |
| Relator term | Author |
| 9 (RLIN) | 798 |
| 856 ## - ELECTRONIC LOCATION AND ACCESS | |
| Uniform Resource Identifier | <a href="https://link.springer.com/article/10.1007/s10614-017-9684-6">https://link.springer.com/article/10.1007/s10614-017-9684-6</a> |
| 942 ## - ADDED ENTRY ELEMENTS (KOHA) | |
| Source of classification or shelving scheme | Dewey Decimal Classification |
| Koha item type | Microdocuments |
| Date last seen | Total Checkouts | Full call number | Barcode | Price effective from | Koha item type | Lost status | Source of classification or shelving scheme | Damaged status | Not for loan | Collection code | Withdrawn status | Home library | Current library | Shelving location | Date acquired |
|---|---|---|---|---|---|---|---|---|---|---|---|---|---|---|---|
| 01/03/2019 | 519.3 | PH001 | 01/03/2019 | Microdocuments | Dewey Decimal Classification | Non-fiction | Indian Institute of Management Visakhapatnam | Indian Institute of Management Visakhapatnam | General | 01/03/2019 |